00350 a2200121 450000100060000010000150000624500340002126000310005509000170008694200220010399900190012595200840014418837 aSinha, T P aKey to school geometry Part I abTribeni book depttc1938 c13956d13956 aNUST-CAEcMc4398 c253910d253910 001040708NFICaCAEbCAEd2017-04-03l0pCAE13679r2017-04-05w2017-04-05yBK